00500nam a2200193 a 4500001001300000003000900013005001700022008004100039020001000080082001600090100002500106245002800131260003900159300000800198500003500206505001000241650003000251700002500281nice12345678IN_TiNIC20260116012010.0050524s1927 laha grp 000 0 urd  ac10000a294.51bKHA aKhaleefa, Hari Singh aRadha Swami Mat Prakash aLahorebAmrit Electric Pressc1927 a64p aincludes index and biblioraphy2 aNotes aHinduism-Apologetics work1 aKhaleefa, Hari Singh